この画像にいる人(2018 G7サミット編) - Statistics

General Stats
  • This quiz has been taken 77 times
  • The average score is 4 of 9
Answer Stats
Picture Answer % Correct
{ドナルド・トランプ}米大統領
100%
{安倍晋三}首相
83%
{アンゲラ・メルケル}独首相
63%
{エマニュエル・マクロン}仏大統領
62%
{テリーザ・メイ}英首相
39%
{西村康稔}内閣官房副長官
28%
{ジョン・ボルトン}米大統領補佐官
3%
{山崎和之}外務審議官
1%
{ラリー・クドロー}米国家経済会議委員長
1%
No matching quizzes found
Score Distribution
Percent of People with Each Score
Percentile by Number Answered
Your Score History
You have not taken this quiz